El metal

Salvato in:
Dettagli Bibliografici
Autore principale: Ullrich, Heinz
Natura: Libro
Lingua:spagnolo
Pubblicazione: Francia. Bouret. 1969.
Soggetti:
Tags: Aggiungi Tag
Nessun Tag, puoi essere il primo ad aggiungerne!!

MARC

LEADER 00000nam a22000005a 4500
001 16444
003 CL-ChBUA
005 20120815103611.0
008 070301s1969 fr 000 0 spa
040 |a CL-ChBUA  |c CL-ChBUA 
082 0 0 |a 372.5 
090 |c 16444  |d 16444 
100 1 |a Ullrich, Heinz. 
245 1 0 |a El metal 
260 |b Bouret.  |a Francia.  |c 1969. 
650 4 |a ARES MANUALES. 
942 |c LIB 
952 |0 0  |1 0  |4 0  |7 0  |9 22796  |a UNACH  |b UNACH  |c 300  |d 2007-03-05  |i 14.152.  |l 0  |o 372.5 / Ul 41.  |p 23795  |r 2025-07-30 11:00:19  |u 22796  |w 2012-08-08  |y LIB  |k 372.5 / Ul 41. 
999 |c 16444  |d 16444